000 00304nam a2200121Ia 4500
008 220216s9999 xx 000 0 und d
100 _aMathew P A
245 0 _aRubber gaveshanathil oonnal nalkenda mekhalakal
260 _bKarshakan
_c2011
300 _a25-27
650 _aRubber research
942 _cJS
999 _c67615
_d67615